| 000 | 00376pab a2200157 454500 | ||
|---|---|---|---|
| 008 | 180718b2009 xxu||||| |||| 00| 0 eng d | ||
| 100 | _aSingh, Kulwant | ||
| 245 | _aMANJIDI - a wasteland restoration into world cup park | ||
| 260 | _c2009 | ||
| 300 | _ap.25-38. | ||
| 362 | _aDec | ||
| 650 | _aWasteland | ||
| 773 | _aMan and Development | ||
| 908 | _aN | ||
| 909 | _a85787 | ||
| 999 |
_c85787 _d85787 |
||